Идеальная теория. Битва за общую теорию относительности

Detalles Bibliográficos
Autor Principal: Феррейра П. Педро
Outros autores: Рузмайкина И. (переводчик)
Summary:Каждый человек в мире слышал что-то о знаменитой теории относительности, но мало кто понимает ее сущность. А ведь теория Альберта Эйнштейна совершила переворот не только в физике, но и во всей современной науке, полностью изменила наш взгляд на мир! Революционная идея Эйнштейна об объединении времени и пространства вот уже более ста лет остается источником восторгов и разочарований, сюрпризов и гениальных озарений для самых пытливых умов. История пути к пониманию этой всеобъемлющей теории сама по себе необыкновенна, и поэтому ее следует рассказать миру. Британский астрофизик Педро Феррейра решил повторить успех Стивена Хокинга и написал научно-популярную книгу, в которой доходчиво объясняет людям, далеким от сложных материй, что такое теория относительности и почему споры вокруг нее не утихают до сих пор.
Idioma:ruso
Publicado: Санкт-Петербург, Питер, 2015
Series:New Science
Subjects:
Formato: Libro
KOHA link:https://koha.lib.tpu.ru/cgi-bin/koha/opac-detail.pl?biblionumber=379384

MARC

LEADER 00000nam0a2200000 4500
001 379384
005 20241128161504.0
010 |a 978-5-496-01182-2 
035 |a (RuTPU)RU\TPU\retro\36851 
090 |a 379384 
100 |a 20231002d2015 km|y0rusy50 ca 
101 1 |a rus  |c eng 
102 |a RU 
105 |a y z 000yy 
181 0 |a i   |b  e  
182 0 |a n 
183 0 |a nc  |2 RDAcarrier 
200 1 |a Идеальная теория. Битва за общую теорию относительности  |d The Ideal Theory. A Century of Geniuses and the Battle over General Relativity  |f Педро Феррейра  |g пер. с англ. И. Рузмайкиной 
203 |a Текст  |b визуальный  |c непосредственный 
210 |a Санкт-Петербург  |c Питер  |d 2015 
215 |a 318 с. 
225 1 |a New Science 
283 |a volume  |2 RDAcarrier 
330 |a Каждый человек в мире слышал что-то о знаменитой теории относительности, но мало кто понимает ее сущность. А ведь теория Альберта Эйнштейна совершила переворот не только в физике, но и во всей современной науке, полностью изменила наш взгляд на мир! Революционная идея Эйнштейна об объединении времени и пространства вот уже более ста лет остается источником восторгов и разочарований, сюрпризов и гениальных озарений для самых пытливых умов. История пути к пониманию этой всеобъемлющей теории сама по себе необыкновенна, и поэтому ее следует рассказать миру. Британский астрофизик Педро Феррейра решил повторить успех Стивена Хокинга и написал научно-популярную книгу, в которой доходчиво объясняет людям, далеким от сложных материй, что такое теория относительности и почему споры вокруг нее не утихают до сих пор. 
510 1 |a The Ideal Theory. A Century of Geniuses and the Battle over General Relativity  |z eng 
606 1 |a Относительности теория, общая  |9 66649 
610 1 |a физика 
610 1 |a свободное падение 
610 1 |a человек 
610 1 |a коллапсары 
610 1 |a гравитация 
610 1 |a Вселенная 
610 1 |a пространство-время 
610 1 |a экстраполяция 
610 1 |a унификация 
610 1 |a сингулярность 
675 |a 530.12:531.51  |v 4 
700 1 |a Феррейра  |b П.  |4 070  |g Педро 
702 1 |4 730  |a Рузмайкина  |b И. 
801 1 |a RU  |b 63413507  |c 20231002 
942 |c BK